[Event "Ch Europe (team)"]
[Site "masterchessopen.com - Pula (Croatia)"]
[Round "1"]
[White "Pinter Jozsef (HUN)"]
[Black "Nedev Trajce (MKD)"]
[Result "1-0"]
[WhiteElo "2590"]
[BlackElo "2445"]

1.d4 Nf6 2.c4 e6 3.Nf3 c5 4.d5 exd5 5.cxd5 d6 6.Nc3 g6 7.e4 Bg7 8.Be2 O-O
9.O-O Re8 10.Nd2 Bd7 11.a4 Na6 12.Bf3 h5 13.h3 Nh7 14.Nc4 Qf6 15.Ra3 Rab8
16.Qd2 Bf8 17.Nb5 Bxb5 18.axb5 Nc7 19.Rb3 a6 20.bxa6 bxa6 21.Rxb8 Rxb8 22.Re1
Nb5 23.e5 dxe5 24.Nxe5 Rd8 25.Nc6 Rd7 26.Rd1 Bd6 27.Qe3 Nc7 28.g3 Qg7 29.Qe2
Qf6 30.Bg2 Qf5 31.b3 Nf6 32.Bb2 Bf8 33.Ne5 Rd8 34.g4 hxg4 35.hxg4 Qf4 36.Bc1
Qb4 37.Nc6 Re8 38.Qxe8 Nfxe8 39.Nxb4 cxb4 40.Bf1 Bd6 41.Bb2 Kf8 42.Bc4 Ke7
43.Kg2 Bc5 44.Be5 f6 45.Bxc7 Nxc7 46.Rh1 a5 47.Kf3 {#r} 1-0

[Event "It (open)"]
[Site "masterchessopen.com - Feffernitz (Austria)"]
[Date "1997.08.21"]
[Round "0"]
[White "Krizsany Laszlo (HUN)"]
[Black "Womacka Mathias (GER)"]
[Result "1-0"]
[WhiteElo "2440"]
[BlackElo "2475"]

1.d4 Nf6 2.c4 e6 3.Nf3 c5 4.d5 exd5 5.cxd5 d6 6.Nc3 g6 7.Nd2 Bg7 8.e4 O-O
9.Be2 Re8 10.O-O Nbd7 11.a4 Ne5 12.Qc2 g5 13.Ra3 Qe7 14.Nd1 Ng6 15.Bb5 Rf8
16.Ne3 a6 17.Bd3 Nf4 18.Ndc4 Nxd3 19.Qxd3 Qxe4 20.Nxd6 Qxd3 21.Rxd3 Bd7
22.Nef5 h6 23.h4 gxh4 24.Nxh6+ Kh7 25.Nhxf7 Bxa4 26.Re1 Bc2 27.Rc3 Bg6 28.Ng5+
Kg8 29.Ne6 Nxd5 30.Rxc5 Nb4 31.Rc7 Bf6 32.Nxf8 Rxf8 33.Bh6 Rd8 34.Re6 Nd5
35.Rxb7 Bd3 36.Ne4 Bd4 37.Rg6+ Kh8 38.Rg4 Re8 39.Nd2 Bf6 40.Bg7+ Bxg7 41.Rgxg7
Nf4 42.Rg4 Ng6 43.Nf3 Bf5 44.Rg5 Be4 45.Rb6 {#r} 1-0

[Event "It (open) (a)"]
[Site "masterchessopen.com - Andria (Italy)"]
[Round "3"]
[White "Laketic Gojko (SRB)"]
[Black "Genocchio Daniele (ITA)"]
[Result "1-0"]
[WhiteElo "2390"]
[BlackElo "2195"]

1.d4 Nf6 2.c4 c5 3.d5 e6 4.Nc3 exd5 5.cxd5 d6 6.e4 g6 7.Be2 Bg7 8.Nf3 O-O
9.O-O Re8 10.Nd2 Nbd7 11.Re1 a6 12.a4 b6 13.h3 Rb8 14.Rb1 g5 15.Nc4 Nxe4
16.Nxe4 Rxe4 17.Nxd6 Rd4 18.Qb3 Rb4 19.Qc2 Ne5 20.Nxc8 Rxc8 21.Bxa6 Ra8 22.Bb5
Qxd5 23.Rd1 Rd4 24.Be3 g4 25.Bxd4 cxd4 26.hxg4 Rd8 27.Qf5 d3 28.Rd2 Rd6
29.Rbd1 Bh6 30.Rxd3 Nxd3 31.Qxd5 Rxd5 32.Bxd3 Kf8 33.b3 Bg7 34.g3 Bc3 35.f4 h6
36.Kg2 Ke7 37.Kf3 Rd6 38.Ke2 Ke6 39.Rh1 Bg7 40.Be4 Rd4 41.Bf5+ Kf6 {#r} 1-0

[Event "It (open)"]
[Site "masterchessopen.com - Bad Wiessee (Germany)"]
[Round "4"]
[White "Wendt Rene (GER)"]
[Black "Kekelidze Mikheil (GEO)"]
[Result "1-0"]
[WhiteElo "2310"]
[BlackElo "2455"]

1.d4 Nf6 2.c4 e6 3.Nf3 c5 4.d5 exd5 5.cxd5 d6 6.Nc3 g6 7.e4 Bg7 8.Be2 O-O
9.O-O Re8 10.Nd2 Nbd7 11.a4 g5 12.Nc4 Nxe4 13.Nxe4 Rxe4 14.Nxd6 Rd4 15.Qc2 Nb6
16.Nxc8 Rxc8 17.Bd3 h6 18.Bh7+ Kh8 19.Bf5 Rc7 20.f4 Nxd5 21.fxg5 hxg5 22.Ra3
Rc6 23.Rh3+ Kg8 24.Bh7+ Kf8 25.Rhf3 Rc7 26.Kh1 Nf4 27.Be3 Qd5 28.Bxd4 Bxd4
29.Be4 Qe5 30.g3 Ne6 31.Rf5 Qg7 32.Bd5 Nd8 33.b3 f6 34.Qe4 Re7 35.Qg4 Ke8
36.b4 b6 37.b5 Nf7 38.Rxf6 Bxf6 39.Qc8+ Nd8 40.Bc6+ Kf7 41.Qxd8 Kg6 42.Qd3+
Kh6 43.Qf5 Bd4 44.Qh3+ Kg6 45.Qf5+ Kh6 46.Qh3+ Kg6 47.Be4+ Rxe4 48.Qf5+ Kh6
49.Qxe4 c4 50.Qe6+ Qg6 51.Re1 Qf6 52.Qh3+ Kg7 53.Qd7+ {#r} 1-0

[Event "Tournament"]
[Site "masterchessopen.com - Basarrate (Cuba)"]
[Round "0"]
[White "Almeida Omar (CUB)"]
[Black "Gonzalez Yuri (CUB)"]
[Result "1-0"]
[WhiteElo "2330"]
[BlackElo "2385"]

1.d4 Nf6 2.c4 g6 3.Nc3 Bg7 4.e4 d6 5.Be2 O-O 6.Nf3 c5 7.d5 e6 8.Nd2 Re8 9.O-O
exd5 10.cxd5 Nbd7 11.h3 a6 12.a4 Rb8 13.Qc2 Qc7 14.Nc4 Nb6 15.Na3 Nbd7 16.Bf4
Ne5 17.Bh2 g5 18.Qd2 g4 19.h4 Qe7 20.Qf4 h6 21.Nc4 Nh5 22.Qd2 Nxc4 23.Bxc4 Rd8
24.Bg3 Bd4 25.Kh2 Kg7 26.Ne2 Be5 27.Kg1 Bxg3 28.Nxg3 Qxh4 29.Qc3+ Kg8 30.e5 b5
31.axb5 axb5 32.Ba2 b4 33.Qe3 Nxg3 34.fxg3 Qg5 35.Qf2 Qg7 36.Bc4 dxe5 37.Qxc5
f6 38.Ra7 Rd7 39.d6+ Kh8 40.Rc7 Rxc7 41.dxc7 Rb7 42.Qd6 Rxc7 43.Qd8+ Kh7
44.Bd3+ f5 45.Rxf5 {#r} 1-0

[Event "Ch Slovenia (team)"]
[Site "masterchessopen.com - Bled (Slovenia)"]
[Round "2"]
[White "Sitnik Igor (SLO)"]
[Black "Rusjan Dusan (SLO)"]
[Result "1-0"]
[WhiteElo "2245"]
[BlackElo "2093"]

1.d4 Nf6 2.c4 c5 3.d5 e6 4.Nc3 exd5 5.cxd5 g6 6.Nf3 Bg7 7.e4 d6 8.Be2 O-O
9.Nd2 Re8 10.O-O b6 11.Bb5 Bd7 12.a4 a6 13.Bxd7 Nbxd7 14.Re1 Qc7 15.Nc4 Ne5
16.Nxe5 Rxe5 17.Bf4 Ree8 18.Rc1 Nd7 19.b4 Ne5 20.Qe2 cxb4 21.Nb5 Qd7 22.Nc7
Qxa4 23.Ra1 Nf3+ 24.Qxf3 Bxa1 25.Nxe8 Rxe8 26.Bxd6 Bc3 27.Rf1 Qc2 28.Bc7 Qxe4
29.d6 Qxf3 30.gxf3 Ra8 31.d7 Bf6 32.Re1 Kf8 33.Bd6+ Kg7 34.Re8 Bd8 35.Bxb4 Kf6
36.Bc3+ Kf5 37.Be5 Ra7 38.Rxd8 Ke6 39.Bd4 Rb7 40.Ra8 Kxd7 41.Rxa6 Kc6 42.Kf1
Kb5 43.Ra1 Kc4 44.Be3 b5 45.Ke2 b4 46.Kd2 Kb3 47.Kd3 Rb5 48.Bd4 Rf5 49.Rb1+
Ka3 50.Kc4 Rxf3 {#r} 1-0

[Event "It (open)"]
[Site "masterchessopen.com - Bozen (Italy)"]
[Round "8"]
[White "Farago Ivan (HUN)"]
[Black "Hamdouchi Hichem (FRA)"]
[Result "0-1"]
[WhiteElo "2530"]
[BlackElo "2555"]

1.d4 Nf6 2.c4 e6 3.Nf3 c5 4.d5 exd5 5.cxd5 d6 6.Nc3 g6 7.Nd2 Bg7 8.e4 O-O
9.Be2 Re8 10.O-O Nbd7 11.a4 Ne5 12.Ra3 a6 13.a5 Rb8 14.Kh1 Nfg4 15.h3 Qh4
16.Kg1 Nh6 17.f4 Nd7 18.Nf3 Qd8 19.Bd3 b5 20.axb6 Qxb6 21.Kh1 Qc7 22.f5 gxf5
23.exf5 f6 24.Ne2 Nb6 25.Nh2 Kh8 26.Nf4 Nxf5 27.Bb1 Qf7 28.Nh5 Re5 29.Nf4 Nc4
30.Bxf5 Rxf5 31.Rb3 Rb5 32.Ng4 Nb6 33.Re3 Bd7 34.Rfe1 Rxf4 35.Re7 Rf1+ 36.Kh2
Qxe7 37.Rxf1 f5 38.Re1 Qf8 39.Ne3 Be5+ 40.Kh1 Qg7 {#R} 0-1

[Event "It (open)"]
[Site "masterchessopen.com - Bozen (Italy)"]
[Round "7"]
[White "Naumkin Igor (RUS)"]
[Black "Manca Federico (ITA)"]
[Result "1-0"]
[WhiteElo "2475"]
[BlackElo "2380"]

1.d4 Nf6 2.Nf3 g6 3.c4 Bg7 4.Nc3 O-O 5.e4 d6 6.Be2 c5 7.d5 e6 8.O-O exd5
9.cxd5 Re8 10.Nd2 a6 11.a4 Nbd7 12.Qc2 Qc7 13.h3 Rb8 14.a5 b5 15.axb6 Nxb6
16.Re1 c4 17.Na4 Nfd7 18.Nxb6 Nxb6 19.Nxc4 f5 20.Bf4 Nxc4 21.Qxc4 Qe7 22.Qc6
Bd7 23.Bxd6 Qf7 24.Qxa6 Rxb2 25.e5 Bxe5 26.Bxe5 Rxe5 27.Bc4 Qe8 28.Qa5 {#r}
1-0

[Event "Ch IBCA (blindfold)"]
[Site "masterchessopen.com - Brno (Czech Republic)"]
[Round "2"]
[White "Eros Pal (HUN)"]
[Black "Munck Mortensen Peter (DEN)"]
[Result "1-0"]
[WhiteElo "2077"]
[BlackElo "2143"]

1.d4 Nf6 2.Nf3 g6 3.c4 Bg7 4.Nc3 O-O 5.e4 c5 6.d5 d6 7.Be2 e6 8.O-O exd5
9.cxd5 Re8 10.Nd2 a6 11.a4 b6 12.f4 Ra7 13.Bf3 Rae7 14.Re1 b5 15.axb5 axb5
16.Nxb5 Ba6 17.Nc3 Bd3 18.Qb3 Na6 19.Be2 Nb4 20.Bxd3 Nxd3 21.Rf1 Nh5 22.Ne2
Nb4 23.Ng3 Nf6 24.Qc4 h5 25.h4 Qc8 26.f5 Qd8 27.Ra3 Ng4 28.Nf3 Be5 29.Ng5 Bd4+
30.Kh1 Nf2+ 31.Kh2 Rxe4 32.N3xe4 Rxe4 33.g3 Rg4 34.fxg6 fxg6 35.Qe2 Qd7
36.Ra8+ Kg7 37.Ne6+ Kh7 38.Nf8+ Kg7 39.Nxd7 Ne4 40.Ra3 Be5 41.Nxe5 {#r} 1-0

[Event "Memorial M. Najdorf"]
[Site "masterchessopen.com - Buenos Aires (Argentina)"]
[Round "3"]
[White "Scarella Enrique (ARG)"]
[Black "Spangenberg Hugo (ARG)"]
[Result "0-1"]
[WhiteElo "2370"]
[BlackElo "2520"]

1.d4 g6 2.c4 Bg7 3.Nf3 c5 4.d5 d6 5.e4 Nf6 6.Nc3 O-O 7.Be2 e6 8.O-O exd5
9.cxd5 Re8 10.Nd2 a6 11.a4 Nbd7 12.Qc2 Qe7 13.Re1 g5 14.Nc4 h6 15.Bd2 Ne5
16.Nb6 Rb8 17.f3 Nfd7 18.Nxc8 Rbxc8 19.Nd1 Ng6 20.Bf1 Bd4+ 21.Be3 Nh4 22.Kh1
Ne5 23.Ra3 Qf6 24.Qf2 Re7 25.Bxd4 cxd4 26.Qxd4 Rc1 27.Qe3 Rec7 28.Rc3 R7xc3
29.Nxc3 Rc2 30.Rc1 Rxb2 31.Nd1 Ra2 32.Nc3 Ra3 33.Qd4 Rb3 34.Qd1 Rb2 35.Rc2
Rxc2 36.Qxc2 g4 37.Qf2 gxf3 38.gxf3 Nhxf3 39.Be2 Qf4 40.Qg3+ Qxg3 41.hxg3 Nd4
42.Bf1 Kg7 43.Kg1 Kf6 44.Bh3 Nd3 45.Bf1 Ne5 46.Kg2 Ng4 47.Kh3 Ne3 48.Bd3 Ke5
49.g4 Kf4 50.Ne2+ Nxe2 51.Bxe2 Kxe4 52.Kh4 Nxd5 {#R} 0-1

[Event "Ch Vietnam (team)"]
[Site "masterchessopen.com - Can Tho (Vietnam))"]
[Round "3"]
[White "Pham Ngoc Tanh (VIE)"]
[Black "Le Kieu Thien Kim (VIE)"]
[Result "0-1"]
[WhiteElo "2119"]
[BlackElo "2227"]

1.d4 Nf6 2.c4 e6 3.Nf3 c5 4.d5 exd5 5.cxd5 d6 6.Nc3 g6 7.e4 Bg7 8.Be2 O-O
9.O-O Re8 10.Nd2 a6 11.a4 Nbd7 12.f3 Rb8 13.Nc4 Ne5 14.a5 Nxc4 15.Bxc4 b5
16.axb6 Rxb6 17.Qe2 Nh5 18.g4 Bd4+ 19.Kh1 Ng7 20.Bxa6 Bxa6 21.Rxa6 Rxa6
22.Qxa6 Qh4 23.Bf4 h5 24.Qxd6 hxg4 25.fxg4 Qxg4 26.Qc6 Rc8 27.Qb7 Qh3 28.Qa6
Nh5 29.Qe2 g5 30.Rf3 Qg4 31.Bg3 Ra8 32.Kg2 Bxc3 {#R} 0-1

[Event "Olympiad"]
[Site "masterchessopen.com - Elista (Russia)"]
[Round "11"]
[White "Bagaturov Giorgi (GEO)"]
[Black "Hall Jesper (SWE)"]
[Result "1-0"]
[WhiteElo "2540"]
[BlackElo "2485"]

1.d4 Nf6 2.Nf3 e6 3.c4 c5 4.d5 exd5 5.cxd5 d6 6.Nc3 g6 7.Nd2 Bg7 8.e4 O-O
9.Be2 Re8 10.O-O Nbd7 11.a4 Ne5 12.Re1 Nfg4 13.h3 Nxf2 14.Kxf2 Qh4+ 15.Kg1
Bxh3 16.Nf1 Ng4 17.g3 Qh5 18.Bxg4 Bxg4 19.Qc2 Bf3 20.Qh2 Qg4 21.Qh4 Qxh4
22.gxh4 Bxc3 23.bxc3 Bxe4 24.Bf4 Bxd5 25.Bxd6 b6 26.a5 Rxe1 27.Rxe1 Be6 28.Rb1
Bf5 29.Rb2 bxa5 30.Bxc5 Be6 31.Rb5 h6 32.Rxa5 a6 33.Nd2 g5 34.hxg5 hxg5 35.Be7
g4 36.Bf6 Kh7 37.Kf2 Kg6 38.Bd4 f5 39.Kg3 Kf7 40.Nf1 Bd7 41.Ne3 Kg6 42.Nd5 Bb5
43.Nc7 {#r} 1-0

[Event "Ch Belgium"]
[Site "masterchessopen.com - Liege (Belgium)"]
[Round "8"]
[White "Van Der Stricht Geert (BEL)"]
[Black "Laurent Bruno (BEL)"]
[Result "1-0"]
[WhiteElo "2355"]
[BlackElo "2185"]

1.d4 e6 2.c4 Nf6 3.Nf3 c5 4.d5 exd5 5.cxd5 d6 6.Nc3 g6 7.e4 Bg7 8.Be2 O-O
9.O-O Re8 10.Nd2 Nbd7 11.a4 Ne5 12.Re1 g5 13.Nf1 h6 14.Ng3 Ng6 15.Be3 a6 16.a5
Nf4 17.Bf3 Nd7 18.Bg4 Qf6 19.Bf5 Ne5 20.Bxc8 Raxc8 21.Nf5 Ned3 22.Bxf4 Nxb2
23.Qg4 gxf4 24.e5 Rxe5 25.Rxe5 Qxe5 26.Nxg7 {#r} 1-0

[Event "Ch Norway"]
[Site "masterchessopen.com - Oslo (Norway)"]
[Round "2"]
[White "Ostenstad Berge (NOR)"]
[Black "Johansen Terje (NOR)"]
[Result "0-1"]
[WhiteElo "2460"]
[BlackElo "2270"]

1.d4 Nf6 2.c4 e6 3.Nf3 c5 4.d5 exd5 5.cxd5 d6 6.Nc3 g6 7.Nd2 Bg7 8.e4 O-O
9.Be2 Re8 10.O-O a6 11.a4 Nbd7 12.h3 Rb8 13.Qc2 h6 14.a5 Nh7 15.Nc4 Ne5 16.Nb6
g5 17.Nxc8 Rxc8 18.Nd1 Ng6 19.Bg4 Rc7 20.Ne3 Nf6 21.Bf5 Nh4 22.f3 Nh5 23.g4
Nf4 24.Kh2 Be5 25.Nc4 Nxd5+ 26.Nxe5 Nb4 27.Nxf7 Nxc2 28.Nxd8 Nxa1 29.Ne6 Rce7
30.Nxg5 hxg5 31.Bxg5 Nxf5 32.Bxe7 Nxe7 33.Rxa1 Nc6 34.Kg3 Re5 35.Rd1 Nxa5
36.Rxd6 Nc4 37.Rd8+ Kf7 38.b3 Na5 39.h4 Nxb3 40.h5 Re8 41.Rd7+ Re7 42.Rd8 c4
43.g5 c3 44.Rc8 Nd4 45.Kg4 Nc6 46.h6 Kg6 47.Rg8+ Kh7 48.Rc8 c2 49.Kh5 Re5
50.Rc7+ Kg8 {#R} 0-1

[Event "Ch World (active) (juniors) (under 14)"]
[Site "masterchessopen.com - Paris (France)"]
[Round "9"]
[White "Tsai Cindy (USA)"]
[Black "Nguyen Thu Giang (AUS)"]
[Result "1-0"]
[WhiteElo "2152"]
[BlackElo "2118"]

1.d4 Nf6 2.c4 c5 3.d5 e6 4.Nc3 exd5 5.cxd5 d6 6.e4 g6 7.Nf3 Bg7 8.Be2 O-O
9.O-O Re8 10.Nd2 a6 11.a4 Nbd7 12.Qc2 Qe7 13.Ra3 b6 14.Bd3 Ne5 15.f3 Bb7
16.Nc4 Nxc4 17.Bxc4 Nd7 18.Be3 Ne5 19.Be2 Qc7 20.Nb1 Re7 21.Nd2 Rae8 22.Re1
Nd7 23.Bf1 Ne5 24.Be2 Qd7 25.Bf2 Qc7 26.Kf1 Bf6 27.f4 Nd7 28.Bf3 Ba8 29.Rae3
Bd4 30.R3e2 Bf6 31.Qd3 Bxb2 32.Qxa6 Bb7 33.Qb5 Bc3 34.Qb3 Bb4 35.Rc1 Bxd2
36.Rxd2 Ba6+ 37.Kg1 Nf6 38.e5 Nd7 39.e6 fxe6 40.Bh4 e5 41.Bxe7 Rxe7 42.Bg4 Nf6
43.Be6+ Kg7 44.fxe5 Ne4 45.exd6 Qxd6 46.Qb2+ Kh6 47.Rdd1 Qf4 48.Re1 Bd3 49.g3
{#r} 1-0

[Event "It (open)"]
[Site "masterchessopen.com - Paris (France)"]
[Round "1"]
[White "Marathee Eric (FRA)"]
[Black "Krivokapic Ratko (FRA)"]
[Result "0-1"]
[WhiteElo "1952"]
[BlackElo "2195"]

1.d4 Nf6 2.c4 c5 3.d5 g6 4.Nc3 d6 5.e4 Bg7 6.Nf3 O-O 7.Be2 e6 8.O-O exd5
9.cxd5 Re8 10.Nd2 b6 11.Re1 Ba6 12.h3 Bxe2 13.Rxe2 Na6 14.Rb1 Qd7 15.a3 b5
16.b4 Nh5 17.Re3 Rac8 18.Qf1 Bh6 19.Rf3 c4 20.g3 Nb8 21.Qg2 a6 22.Nf1 Bg7
23.Bd2 Qe7 24.Re3 Nd7 25.Ne2 Nb6 26.Bc3 Bh6 27.f4 Qb7 28.Qf3 f5 29.exf5 Qxd5
30.Nd4 Bg7 31.fxg6 hxg6 32.Rd1 Rxe3 33.Qxe3 Qf7 34.Ne2 Nd5 35.Qd2 Nxc3 36.Nxc3
Re8 37.Kh2 Qe6 38.Nd5 c3 39.Nxc3 Bxc3 40.Qxc3 Qe2+ 41.Kg1 Qxd1 {#R} 0-1

[Event "It"]
[Site "masterchessopen.com - Szeged (Hungary)"]
[Round "7"]
[White "Zakarias David (HUN)"]
[Black "Lakat Gyula (HUN)"]
[Result "1-0"]
[WhiteElo "2208"]
[BlackElo "1859"]

1.d4 Nf6 2.Nf3 e6 3.c4 c5 4.d5 d6 5.Nc3 exd5 6.cxd5 g6 7.e4 Bg7 8.Be2 O-O
9.O-O Re8 10.Nd2 a6 11.a4 Nbd7 12.Ra3 g5 13.Qc2 Ne5 14.Nd1 Ng6 15.Ne3 Rb8
16.a5 Qe7 17.f3 Nf4 18.Ndc4 Nxe2+ 19.Qxe2 Bd7 20.g4 Bb5 21.Nf5 Qf8 22.Bxg5
Nxd5 23.Qc2 Bd4+ 24.Nxd4 cxd4 25.exd5 Rbc8 26.b3 Qg7 {#r} 1-0

[Event "It (open) (b)"]
[Site "masterchessopen.com - Techirghiol (Romania)"]
[Round "0"]
[White "Tudor Alin-Ciprian (ROM)"]
[Black "Epure Catalin Alexandru (ROM)"]
[Result "1-0"]
[WhiteElo "2132"]
[BlackElo "2156"]

1.Nf3 g6 2.d4 Bg7 3.c4 c5 4.d5 d6 5.Nc3 Nf6 6.e4 O-O 7.Be2 e6 8.O-O exd5
9.cxd5 Re8 10.Nd2 Nbd7 11.Qc2 a6 12.a4 b6 13.Nc4 Ne5 14.Nxe5 Rxe5 15.Bf4 Re8
16.Rad1 Nd7 17.Bxd6 Bxc3 18.bxc3 Nf6 19.e5 Bf5 20.Bd3 Bg4 21.f3 Bc8 22.c4 Nd7
23.e6 fxe6 24.dxe6 Rxe6 25.Be4 Qf6 26.Bxa8 Rxd6 27.Rxd6 Qxd6 28.Rd1 Qb8
29.Bd5+ Kg7 30.Qe4 Qe5 31.Re1 Qd4+ 32.Qxd4+ cxd4 33.Re8 b5 34.Rxc8 bxa4 35.Rc7
a3 36.Rxd7+ Kf6 37.c5 {#r} 1-0

[Event "It"]
[Site "masterchessopen.com - Villa del Parque"]
[Round "7"]
[White "Quiroga Facundo (ARG)"]
[Black "Fabrega Enrique (PAN)"]
[Result "1-0"]
[WhiteElo "2370"]
[BlackElo "2198"]

1.d4 Nf6 2.c4 c5 3.d5 e6 4.Nc3 exd5 5.cxd5 d6 6.e4 g6 7.Nf3 Bg7 8.Be2 O-O
9.O-O Re8 10.Nd2 a6 11.a4 Nbd7 12.Qc2 Ne5 13.h3 g5 14.Nc4 Nxc4 15.Bxc4 Nh5
16.Be2 Nf4 17.Bg4 Bxg4 18.hxg4 Qd7 19.f3 Bd4+ 20.Kh2 Re6 21.dxe6 Qxe6 22.Rf2
Qh6+ 23.Kg1 Qh4 24.Bxf4 gxf4 25.Rd1 h5 26.gxh5 Qxh5 27.Rxd4 cxd4 28.Nd5 Kg7
29.Qd2 Rh8 30.Qxd4+ Kf8 31.Kf1 Qh1+ 32.Ke2 Rh2 33.Nxf4 {#r} 1-0

[Event "Ch NATO"]
[Site "masterchessopen.com - Portsmouth (England)"]
[Date "1998.10.08"]
[Round "5"]
[White "Koopmeiners Karl (GER)"]
[Black "Brameld Arthur F (ENG)"]
[Result "0-1"]
[WhiteElo "2015"]
[BlackElo "2091"]

1.d4 Nf6 2.c4 c5 3.d5 e6 4.Nc3 exd5 5.cxd5 g6 6.e4 d6 7.Nf3 Bg7 8.Be2 O-O
9.O-O Re8 10.Nd2 a6 11.a4 Qe7 12.Qc2 Nbd7 13.f3 Nh5 14.Nc4 Rb8 15.a5 b5
16.axb6 Nxb6 17.Bd2 Nxc4 18.Bxc4 Bd4+ 19.Kh1 Be5 20.Be1 f5 21.g3 fxe4 22.fxe4
Bh3 23.Rxa6 Rb4 24.b3 Rxc4 {#R} 0-1

[Event "It (open)"]
[Site "masterchessopen.com - Bern (Switzerland)"]
[Round "4"]
[White "Joksic Sinisa (SRB)"]
[Black "Sigrist Walter (SUI)"]
[Result "1-0"]
[WhiteElo "2288"]
[BlackElo "2055"]

1.d4 Nf6 2.Nf3 g6 3.c4 c5 4.d5 d6 5.Nc3 Bg7 6.e4 e6 7.Be2 exd5 8.cxd5 O-O
9.O-O Re8 10.Nd2 b6 11.Re1 Ba6 12.Bxa6 Nxa6 13.a4 Nc7 14.Nc4 Qd7 15.h3 Rab8
16.Bf4 Bf8 17.Qf3 Nh5 18.Bh2 Ng7 19.g4 Rbd8 20.e5 dxe5 21.Nxe5 Qe7 22.Re3 f5
23.Nc6 Qf7 24.Nxd8 Rxd8 25.Rd1 Nce8 26.d6 Nf6 27.g5 Nfh5 28.Be5 Ne6 29.Qd5 f4
30.Re2 f3 31.Re3 Nxg5 32.d7 Nxh3+ 33.Kf1 Ng5 34.Qxf7+ Kxf7 35.Bc7 Be7 36.Bxd8
Bxd8 37.Rde1 Ng7 38.Nd5 N7e6 39.b4 cxb4 40.Nxb4 Ke7 41.Nc6+ Kxd7 42.Nxd8 Nxd8
43.Rd3+ Kc7 44.Rc1+ Nc6 45.Rdc3 Kd6 46.Rxc6+ Ke5 47.Rc7 h5 48.Rxa7 h4 49.a5 h3
50.Kg1 {#r} 1-0

[Event "It (open)"]
[Site "masterchessopen.com - Bethune (France)"]
[Round "0"]
[White "Eliet Nicolas (FRA)"]
[Black "Lupu Smaranda B (FRA)"]
[Result "1-0"]
[WhiteElo "2398"]
[BlackElo "2164"]

1.d4 Nf6 2.Nf3 c5 3.d5 e6 4.c4 exd5 5.cxd5 g6 6.Nc3 Bg7 7.e4 d6 8.Be2 O-O
9.Nd2 Re8 10.O-O b6 11.f3 Ba6 12.Bxa6 Nxa6 13.Nc4 Nc7 14.a4 Bf8 15.Bg5 h6
16.Bh4 g5 17.Bf2 Nh5 18.Qd2 Qf6 19.Rab1 Bg7 20.Ne2 Rad8 21.b4 cxb4 22.Rxb4 Na6
23.Rbb1 Nc5 24.a5 Nd7 25.axb6 axb6 26.Nd4 Qg6 27.Nf5 g4 28.Bh4 gxf3 29.Bxd8
Rxe4 30.Rxf3 Bd4+ 31.Qxd4 {#r} 1-0

[Event "Cup Brazilian Chess Club"]
[Site "masterchessopen.com - Brasilia (Brazil)"]
[Round "11"]
[White "Coelho Luis (BRA)"]
[Black "Rocha Wellington Carlos (BRA)"]
[Result "0-1"]
[WhiteElo "2041"]
[BlackElo "2361"]

1.d4 Nf6 2.c4 c5 3.d5 e6 4.Nc3 exd5 5.cxd5 d6 6.Nf3 g6 7.e4 Bg7 8.Nd2 O-O
9.Be2 Re8 10.O-O Nbd7 11.Qc2 Nb6 12.Re1 Ng4 13.h3 Nxf2 14.Kxf2 Qh4+ 15.Kf1 Bd4
16.Nd1 Qxh3 17.Bf3 Qh4 18.Nb3 Be5 19.Nf2 Bd7 20.Be3 Bg3 21.Na5 f5 22.exf5 gxf5
23.Rad1 f4 24.Bc1 Bb5+ 25.Be2 Rxe2 26.Rxe2 Bxf2 27.a4 Bg3 {#R} 0-1

[Event "It (open) (b)"]
[Site "masterchessopen.com - Koszalin (Poland)"]
[Round "1"]
[White "Guliev Sarhan (AZE)"]
[Black "Klopotek Stanislaw (POL)"]
[Result "1-0"]
[WhiteElo "2477"]
[BlackElo "2182"]

1.d4 Nf6 2.c4 c5 3.d5 e6 4.Nc3 exd5 5.cxd5 d6 6.Nf3 g6 7.Nd2 Bg7 8.e4 O-O
9.Be2 Re8 10.O-O a6 11.a4 Nbd7 12.Qc2 Ne5 13.Ra3 g5 14.Nd1 Bd7 15.a5 Ng6
16.Ne3 Nf4 17.Bc4 Qe7 18.f3 Qe5 19.g3 Ng6 20.Be2 Nh5 21.Ndc4 Qe7 22.Nb6 Rad8
23.Nxd7 Rxd7 24.Nf5 Qd8 25.Bd2 h6 26.Bc3 Nf6 27.Rb3 Ne7 28.Nxg7 Kxg7 29.f4 Ng8
30.e5 Nxd5 31.e6+ Nxc3 32.Qxc3+ Nf6 33.exd7 {#r} 1-0

[Event "It (open)"]
[Site "masterchessopen.com - Lenk (Switzerland)"]
[Round "6"]
[White "Wendt Rene (GER)"]
[Black "Habibi Ali (GER)"]
[Result "1-0"]
[WhiteElo "2323"]
[BlackElo "2343"]

1.d4 d6 2.Nf3 g6 3.c4 Nf6 4.Nc3 Bg7 5.e4 O-O 6.Be2 c5 7.d5 e6 8.O-O exd5
9.cxd5 Re8 10.Nd2 b6 11.f3 Nbd7 12.Nc4 Ne5 13.Bg5 h6 14.Be3 Kh7 15.Kh1 Rb8
16.a4 Re7 17.Na3 a6 18.Qd2 Bb7 19.Rab1 a5 20.b3 Bc8 21.Nab5 Ne8 22.Rbe1 Rbb7
23.f4 Nd7 24.Bd3 Ndf6 25.Bg1 Rbd7 26.Qc2 Kg8 27.Bc4 Bb7 28.h3 Qa8 29.Bh2 Rd8
30.Rd1 Nh5 31.e5 Bh8 32.e6 f5 33.Rfe1 Nef6 34.Qf2 Kh7 35.Qh4 Ng8 36.Re2 Qb8
37.Rd3 Rf8 38.Kg1 Qd8 39.Kf1 Bf6 40.Qf2 Rg7 41.Rf3 Bh4 42.g3 Be7 43.g4 Bh4
44.e7 Bxe7 45.gxh5 gxh5 46.Rg3 Rgf7 47.Qf3 h4 48.Rgg2 Nf6 49.Bd3 Bc8 50.Na7
Bd7 51.Bb5 Ng4 52.Bxd7 Nxh2+ 53.Rxh2 Qxd7 54.Nc6 Bf6 55.Re6 Rg8 56.Ne2 Bg7
57.Qh5 Rf6 58.Re7 Qc8 59.Nc3 Rg6 60.Nb5 Qf8 61.Rhe2 Qf6 62.R7e6 Qa1+ 63.Re1
Rg1+ 64.Kxg1 Bd4+ 65.Kh2 Qb2+ 66.R1e2 Bg1+ 67.Kh1 {#r} 1-0

[Event "It (open)"]
[Site "masterchessopen.com - Mar del Plata (Argentina)"]
[Round "2"]
[White "Loiterstein Mariano (ARG)"]
[Black "Hoffman Alejandro (ARG)"]
[Result "1-0"]
[WhiteElo "2280"]
[BlackElo "2524"]

1.d4 c5 2.d5 g6 3.e4 d6 4.c4 Bg7 5.Be2 Nf6 6.Nc3 O-O 7.Nf3 e6 8.O-O exd5
9.cxd5 Re8 10.Nd2 Nbd7 11.Qc2 Ne5 12.f4 Neg4 13.Nf3 Nh5 14.h3 f5 15.hxg4 fxg4
16.Be3 gxf3 17.Bxf3 Ng3 18.Rfe1 Qh4 19.Ne2 Bh6 20.Nxg3 Qxg3 21.e5 dxe5 22.fxe5
Bxe3+ 23.Rxe3 Rxe5 24.Qxc5 Rxe3 25.Qxe3 Bg4 26.Qg5 h5 27.Qxg6+ Kh8 28.Be4 Qc7
29.Qh6+ Kg8 30.d6 Qc5+ 31.Kh1 {#r} 1-0

[Event "Ch Peru (juniors) (under 20)"]
[Site "masterchessopen.com - Peru"]
[Round "4"]
[White "Pacheco Marco (PER)"]
[Black "Mansilla Juan (PER)"]
[Result "0-1"]
[WhiteElo "2382"]
[BlackElo "2277"]

1.c4 g6 2.Nc3 Bg7 3.d4 Nf6 4.e4 d6 5.Nf3 O-O 6.Be2 c5 7.d5 e6 8.O-O exd5
9.cxd5 Re8 10.Nd2 Nbd7 11.f4 c4 12.Bxc4 Nc5 13.Qc2 Ng4 14.Nf3 Bxc3 15.Qxc3
Nxe4 16.Qd4 Qf6 17.h3 Qxd4+ 18.Nxd4 Ngf6 19.f5 a6 20.a4 g5 21.Ra3 Bd7 22.Ba2
Rac8 23.Be3 h6 24.h4 Ng4 25.hxg5 hxg5 26.Bc1 Rc7 27.Bb1 Ngf6 28.Ba2 Rec8
29.Be3 Nh5 30.Kh2 Kg7 31.Bf2 Rc1 32.Rxc1 Rxc1 33.Bg1 Nhg3 34.f6+ Kxf6 35.Rf3+
Kg6 36.Nb3 Nf1+ 37.Kh1 Neg3+ 38.Rxg3 Nxg3+ {#R} 0-1

[Event "It (open)"]
[Site "masterchessopen.com - Schwabisch Gmund (Germany)"]
[Round "2"]
[White "Daum Dieter (GER)"]
[Black "Kekelidze Mikheil (GEO)"]
[Result "0-1"]
[WhiteElo "2087"]
[BlackElo "2446"]

1.d4 Nf6 2.c4 e6 3.Nf3 c5 4.d5 exd5 5.cxd5 d6 6.Nc3 g6 7.e4 Bg7 8.Nd2 O-O
9.Be2 Re8 10.O-O Nbd7 11.f3 Ne5 12.Qc2 a6 13.a4 Nh5 14.g3 Bh3 15.Re1 f5 16.Bf1
Bxf1 17.Rxf1 f4 18.Ne2 g5 19.Nc4 Nxc4 20.Qxc4 Be5 21.g4 Nf6 22.Bd2 h5 23.h3
Qd7 24.Bc3 hxg4 25.Bxe5 Rxe5 26.hxg4 Nxg4 27.fxg4 Qxg4+ 28.Kf2 Qh4+ 29.Kg2
Rae8 {#R} 0-1